Análisis básico de circuitos en ingeniería (Registro nro. 5181)
[ vista simple ]
| 000 -Cabecera | |
|---|---|
| Campo de control de longitud fija | 00915aam a2200349 4500 |
| 005 - Fecha y hora de la última transacción | |
| Campo de control | 20230830114914.0 |
| 008 - Elementos de longitud fija--Información general | |
| Campo de control de longitud fija | 150428b2003 xxu||||| |||| 00| 0 spa d |
| 020 ## - International Standard Book Number | |
| Número Internacional Estándar del Libro (ISBN) | 9789681862954 |
| 041 ## - Idioma | |
| Código de idioma | Español |
| 082 ## - Clasificación Decimal Dewey | |
| Número de clasificación | 621.381.5 I65a6 |
| 100 ## - Entrada principal--Autor personal | |
| Nombre personal | Irwin, David |
| 9 (RLIN) | 82926 |
| 245 ## - Título propiamente dicho | |
| Título | Análisis básico de circuitos en ingeniería |
| 250 ## - Edición | |
| Mención de edición | 6 edición |
| 260 ## - Pie de imprenta | |
| Lugar de publicación, distribución, etc. | México |
| 260 ## - Pie de imprenta | |
| Nombre del editor, distribuidor, etc. | Limusa |
| 260 ## - Pie de imprenta | |
| Fecha de publicación, distribución, etc. | 2003 |
| 300 ## - Descripción física | |
| Extensión | 696 páginas |
| 650 ## - Materia general | |
| Temática (materia general) | ELECTRÓNICA |
| 650 ## - Materia general | |
| Temática (materia general) | CIRCUITOS |
| 650 ## - Materia general | |
| Temática (materia general) | CIRCUITOS RESISTIVOS |
| 650 ## - Materia general | |
| Temática (materia general) | ANÁLISIS NODAL |
| 650 ## - Materia general | |
| Temática (materia general) | CAPACITANCIA |
| 650 ## - Materia general | |
| Temática (materia general) | INDUCTANCIA |
| 650 ## - Materia general | |
| Temática (materia general) | REDES ACOPLADAS |
| 650 ## - Materia general | |
| Temática (materia general) | TRANSFORMADA DE LAPLACE |
| 650 ## - Materia general | |
| Temática (materia general) | POTENCIAS |
| 650 ## - Materia general | |
| Temática (materia general) | CIRCUITOS POLIFÁSICOS |
| 650 ## - Materia general | |
| Temática (materia general) | FOURIER |
| 650 ## - Materia general | |
| Temática (materia general) | SEMICONDUCTORES |
| 942 ## - Punto de acceso adicional KOHA | |
| Tipo de ítem KOHA | Libro |
| Fuente del sistema de clasificación o colocación | Dewey Decimal Classification |
| Signatura completa | Código de barras | Programa Académico | Tipo de ítem |
|---|---|---|---|
| 621.381.5 I65a6 | 12368 | Electrónica | Libro |
| 621.381.5 I65a6 | 12369 | Electrónica | Libro |
| 621.381.5 I65a6 | 129 | Electrónica | Libro |